Utopia

Enregistré dans:
Détails bibliographiques
Auteur principal: Thomas More
Format: Livre
Langue:Undetermined
Publié: London Everyman's Library 1992
Sujets:
Tags: Ajouter un tag
Pas de tags, Soyez le premier à ajouter un tag!
Thư viện lưu trữ: Trung tâm Học liệu Trường Đại học Cần Thơ
LEADER 00464nam a2200181Ia 4500
001 CTU_36011
008 210402s9999 xx 000 0 und d
082 |a 828.3 
082 |b M836 
100 |a Thomas More 
245 0 |a Utopia 
245 0 |c Thomas More 
260 |a London 
260 |b Everyman's Library 
260 |c 1992 
650 |a english literature - 16th century 
904 |i Minh, 000406 
980 |a Trung tâm Học liệu Trường Đại học Cần Thơ